La modernidad religiosa: Europa latina y América Latina en perspectiva comparada.
保存先:
| 第一著者: | |
|---|---|
| フォーマット: | 図書 |
| 言語: | スペイン語 |
| 出版事項: |
México, D.F., México:
Fondo de Cultura Económica,
2004.
|
| 版: | Primera edición en español. |
| シリーズ: | Sección de Obras de Historia.
|
| 主題: | |
| タグ: |
タグ追加
タグなし, このレコードへの初めてのタグを付けませんか!
|
MARC
| LEADER | 00000cam a2200000 a 4500 | ||
|---|---|---|---|
| 001 | UCF4061 | ||
| 003 | CL-VaPUC | ||
| 005 | 20231024112236.0 | ||
| 008 | 121115e20040000MX |||||||||||||||||spa|d | ||
| 999 | |c 350057 |d 350055 | ||
| 020 | |a 968-16-7302-6 | ||
| 040 | |c Pontificia Universidad Católica de Valparaíso | ||
| 082 | 0 | 4 | |a 291 BAS 2004 |2 21 |
| 100 | |a Bastian, Jean-Pierre |e coordinador |9 475714 | ||
| 245 | 1 | 3 | |a La modernidad religiosa: |b Europa latina y América Latina en perspectiva comparada. |
| 250 | |a Primera edición en español. | ||
| 260 | |a México, D.F., México: |b Fondo de Cultura Económica, |c 2004. | ||
| 300 | |a 368 páginas. | ||
| 490 | 0 | |a Sección de Obras de Historia. | |
| 500 | |a c.2 Donación Sr. Jorge Precht Pizarro. 26-05-23. Biblioteca Teología. | ||
| 583 | |a last modification |c 20121115 10:00:00 |k Rodrigo Vera | ||
| 650 | 0 | |a Religiones comparadas |9 349653 |z Europa |z América Latina | |
| 650 | 0 | |a Laicidad |9 533527 |x Historia |z Europa |z América Latina | |
| 650 | 0 | |a Creencias religiosas |x Historia |z Europa |z América Latina |9 885288 | |
| 942 | |c BK |2 ddc | ||
| 945 | |d 20121115 00:00:00 |a dcastane | ||
| 952 | |0 0 |1 0 |4 0 |6 291_000000000000000_BAS_2004 |7 0 |8 A |9 453033 |a BIBHIS |b BIBHIS |d 2019-11-22 |i 492410K |o 291 BAS 2004 |p 492410K |r 2025-01-20 |w 2019-11-22 |y BK |k HIS | ||
| 952 | |0 0 |1 0 |2 ddc |4 0 |6 291_000000000000000_BAS_2004 |7 0 |8 A |9 592101 |a BIBTEO |b BIBTEO |c GEN |d 2023-10-23 |e Donación |i 5658845 |l 1 |m 1 |o 291 BAS 2004 |p 5658845 |r 2025-01-17 |s 2023-11-15 |t 2 |w 2023-10-23 |y BK |k ICR | ||